• 首页
  • 本馆介绍
  • 公告通知
  • 最新文献
  • 馆藏检索
  • 电子资源
  • 读者荐购
  • 参考咨询
  • CALIS
  • 我的图书馆
  • 登录
  • 详细信息显示
  • 放入我的书架
  • 预约/预借图书
  • 作者相关作品
  • 分类相关作品
  • 丛书相关作品
  • 出版社相关作品

书目信息

  • 表格格式
  • 工作单格式
  • 卡片格式
题名:
在国统区的周恩来
    
 
作者: 吕荣斌 著
分册:  
出版信息: 北京   中共中央党校出版社  1996.07
页数: 350页
开本: 32开
丛书名:
单 册:
中图分类: K827
科图分类:
主题词: 人物--传记--中国
电子资源:
ISBN: 7-5035-1395-0
 
 
 
 
 
000 00553nam0 2200193 45
001 0008030875
005 20000803085120.4
010    @a7-5035-1395-0@d18.00元
100    @a20000803d1996 km y0chiy0120 ea
101 0  @achi
105    @a z 000yy
200 1  @a在国统区的周恩来@AZai Guo Tong Qu De Zhou En Lai@f吕荣斌著@FLu Rong Bin Zhu
210    @a北京@c中共中央党校出版社@d1996.07
215    @a350页@d32开
606 0  @a人物@x传记@x中国
690    @aK827@v3
701  0 @a吕荣斌@4著
801    @aCN@bPftUser@c20000803
905    @b87916-920@dK827@eL069@f5
    
    在国统区的周恩来/吕荣斌著.-北京:中共中央党校出版社,1996.07
    350页;32开
    
    
    ISBN 7-5035-1395-0:18.00元
    
●
相关链接 在E读中查询图书 在当当中查询图书 在豆瓣中查询图书


正题名:在国统区的周恩来     索取号:K827/L069         预约/预借

序号 登录号 条形码 馆藏地/架位号 状态 备注
1 87916   200879166   自科二线404/309社科库 56排5列2层/ [索取号:K827/L069] 在馆    
2 87917   200879175   社科库309/309社科库 56排5列2层/ [索取号:K827/L069] 在馆    
3 87918   200879184   社科库309/309社科库 56排5列2层/ [索取号:K827/L069] 在馆    
4 87919   200879193   自科二线404/309社科库 56排5列2层/ [索取号:K827/L069] 在馆    
5 87920   200879200   自科二线404/309社科库 56排5列2层/ [索取号:K827/L069] 在馆    
河南城建学院图书馆 欢迎您!
大连网信软件有限公司© 版权所有